| 000 | 00000nam##2200000za#4500 |
| 001 | 9.644231 |
| 003 | CaOODSP |
| 005 | 20210624224540 |
| 007 | cr ||||||||||| |
| 008 | 150407|2015||||xxc|||||o f|0| 0 fre|d |
| 020 | |a978-0-660-23264-5 |
| 040 | |aCaOODSP|bfre |
| 043 | |an-cn--- |
| 086 | 1 |aEn14-217/2015F-PDF |
| 110 | 1 |aCanada. |bEnvironnement Canada. |
| 245 | 10|aPremier inventaire de carbone noir du Canada, 2013 / |h[ressource électronique]|c[par la] Division des inventaires et rapports sur les polluants. |
| 260 | |aOttawa - Ontario : |bEnvironnement Canada |cFévrier 2015. |
| 300 | |a19p.|bfigures, références, tableaux, photographies |
| 590 | |a15-12|b2015-03-20 |
| 691 | 07|aPolluant|2gcpds |
| 775 | 08|tCanada's first black carbon inventory, 2013 / |w(CaOODSP)9.700333 |
| 856 | 40|ahttp://publications.gc.ca|qPDF|s3018 Ko|uhttps://publications.gc.ca/collections/collection_2015/ec/En14-217-2015-fra.pdf |